000
00342nam a2200145Ia 4500
008
230718s9999 xx 000 0 und d
041
_a
Eng.
082
_a
657
_b
PRO-S
100
_a
Professional
245
0
_a
Strategic Financial Manager
260
_a
Pakistan
_b
Pofessical Ideation
_c
2007
300
_a
680
650
_a
Law
999
_c
27191
_d
27191